Janet Leigh Filmography - Statistics

General Stats
  • This quiz has been taken 11 times
    7 since last reset
  • The average score is 28 of 168
Answer Stats
Type Year Name % Correct
Film 1949 Little Women
100%
Film 1960 Psycho
100%
Film 1962 The Manchurian Candidate
80%
Film 1958 Touch of Evil
80%
Film 1953 The Naked Spur
60%
TV Show 1954, 1955, 1960, 1961 What's My Line?
60%
Film 2005 Bad Girls from Valley High
40%
Film 1979 Boardwalk
40%
Film 1963 Bye Bye Birdie
40%
TV Show 1975 Columbo
40%
Film 1998 Halloween H20: 20 Years Later
40%
Film 1966 Harper
40%
Film 1969 Hello Down There
40%
TV Film 1977 Murder at the World Series
40%
Film 1955 My Sister Eileen
40%
Film 1972 Night of the Lepus
40%
Film 1972 One Is a Lonely Number
40%
Film 1960 Pepe
40%
TV Show 1967 The Dean Martin Show
40%
Film 1980 The Fog
40%
Film 1958 The Perfect Furlough
40%
Film 1947 The Romance of Rosy Ridge
40%
Film 1958 The Vikings
40%
Film 1953 Walking My Baby Back Home
40%
Film 1960 Who Was That Lady?
40%
Film 1963 Wives and Lovers
40%
Film 1948 Words and Music
40%
Film 1948 Act of Violence
20%
TV Special 1979 AFI Life Achievement Award: A Tribute to Alfred Hitchcock
20%
Film 1966 An American Dream
20%
Film 1951 Angels in the Outfield
20%
TV Show 1964, 1966 Bob Hope Presents the Chrysler Theatre
20%
TV Show 1970 Bracken's World
20%
TV Show 1973 Circle of Fear
20%
Film 1953 Confidentially Connie
20%
TV Special 1978 Dean Martin Celebrity Roast: Jimmy Stewart
20%
TV Show 2001 Family Law
20%
TV Show 1979, 1982 Fantasy Island
20%
Film 1952 Fearless Fagan
20%
Film 1967 Grand Slam
20%
Film 1948 Hills of Home
20%
Film 1949 Holiday Affair
20%
TV Film 1969 Honeymoon with a Stranger
20%
Film 1953 Houdini
20%
TV Film 1970 House on Greenapple Road
20%
Short Film 1949 How to Smuggle a Hernia Across the Border
20%
Film 1947 If Winter Comes
20%
TV Film 1997 In My Sister's Shadow
20%
Film 1951 It's a Big Country: An American Anthology
20%
TV Show 1954, 1961, 1962 I've Got a Secret
20%
Film 1957 Jet Pilot
20%
Film 1952 Just This Once
20%
Film 1966 Kid Rodelo
20%
Film 1954 Living It Up
20%
TV Show 1973 Love Story
20%
Radio Series 1952 Lux Radio Theater
20%
TV Show 1982 Matt Houston
20%
TV Film 1979 Mirror, Mirror
20%
TV Show 1975 Movin' On
20%
Theater 1975-1976 Murder Among Friends
20%
TV Show 1987 Murder, She Wrote
20%
TV Film 1973 Murdock's Gang
20%
TV Pilot 1971 My Wives Jane
20%
TV Film 1985 On Our Way
20%
Film 1955 Pete Kelly's Blues
20%
Film 1954 Prince Valiant
20%
Film 1954 Rogue Cop
20%
Film 1956 Safari
20%
Film 1952 Scaramouche
20%
TV Show 1957 Schlitz Playhouse
20%
TV Show 1986 Starman
20%
Radio Series 1952 Stars in the Air
20%
Film 1951 Strictly Dishonorable
20%
TV Show 1982, 1984 Tales of the Unexpected
20%
TV Film 1977 Telethon
20%
Film 1949 That Forsyte Woman
20%
Film 1954 The Black Shield of Falworth
20%
TV Show 1964, 1965, 1968 The Bob Hope Show
20%
TV Show 1968 The Danny Thomas Hour
20%
TV Film 1971 The Deadly Dream
20%
Film 1949 The Doctor and the Girl
20%
TV Show 1956 The Ed Sullivan Show
20%
Documentary 1986 The Fantasy Film Worlds of George Pal
20%
TV Special 1974 The Film Society of Lincoln Center Annual Gala Tribute to Alfred Hitchcock
20%
TV Show 1965 The Hollywood Palace
20%
TV Show 1967 The Jerry Lewis Show
20%
TV Show 1978, 1984, 1985 The Love Boat
20%
TV Show 1966 The Man from U.N.C.L.E.
20%
TV Show 1968, 1969, 1970, 1973 The Merv Griffin Show
20%
TV Show 1971, 1973, 1978 The Mike Douglas Show
20%
TV Film 1969 The Monk
20%
TV Show 1971 The Name of the Game
20%
Film 1949 The Red Danube
20%
TV Show 1966, 1969 The Red Skelton Hour
20%
TV Show 1962-1971 The Tonight Show Starring Johnny Carson
20%
TV Show 1989 The Twilight Zone
20%
TV Show 1970 The Virginian
20%
Film 1966 Three on a Couch
20%
TV Show 1997 Touched by an Angel
20%
Film 1951 Two Tickets to Broadway
20%
TV Special 1988 AFI Life Achievement Award: A Tribute to Jack Lemmon
0%
TV Special 1975 AFI Life Achievement Award: A Tribute to Orson Welles
0%
TV Show 1980 All-Star Family Feud Special
0%
TV Special 1981 All-Star Salute to Mother's Day
0%
TV Special 1977 An All-Star Tribute to Elizabeth Taylor
0%
Documentary Mini-Series 1997 A-Z of Horror
0%
Documentary Series 1975 Bicentennial Minutes
0%
Documentary Series 1995-2004 Biography
0%
TV Special 1965 Bob Hope Christmas Show
0%
TV Show 1975 Celebrity Tennis
0%
Documentary Series 1987 Cinéma cinémas
0%
TV Special 1977 Circus of the Stars
0%
TV Documentary 2000 Cubby Broccoli: The Man Behind Bond
0%
TV Show 1977 Dinah!
0%
Documentary Series 1999, 2000 E! Mysteries & Scandals
0%
Documentary Series 1998-2004 E! True Hollywood Story
0%
TV Special 1978 Gene Kelly: An American in Pasadena
0%
TV Special 1987 Happy 100th Birthday, Hollywood
0%
TV Documentary 1999 Hitchcock: Shadow of a Genius
0%
Documentary Series 1992 Hollywood Dearest
0%
Documentary Series 1978, 2001, 2002 Hollywood Greats
0%
Documentary Series 1987 Hollywood the Golden Years: The RKO Story
0%
TV Documentary 2000 Howard Hughes: His Women and His Movies
0%
TV Documentary 1995 Inside the Dream Factory
0%
Documentary Series 1996, 2000, 2002 Intimate Portrait
0%
TV Special 1979 Look Magazine Gala Party
0%
Radio Series 1953 Martin and Lewis Show
0%
Documentary 1997 Mary Pickford: A Life on Film
0%
TV Pilot 1965 Meet Maggie Mulligan
0%
TV Special 2001 Michael Jackson: 30th Anniversary Celebration
0%
TV Special 1988 Moving Image Salutes James Stewart
0%
TV Special 1982 Night of 100 Stars
0%
TV Special 1985 Night of 100 Stars II
0%
TV Special 1952 Olympic Fund Telethon
0%
TV Show 1963 Password
0%
TV Show 1968 Pat Boone in Hollywood
0%
Documentary 1960 People, Hopes, Medals
0%
Documentary Series 1954 Person to Person
0%
TV Show 1971, 1972 Rowan & Martin's Laugh-In
0%
TV Show 1976 Sammy and Company
0%
TV Special 1999 Saturday Night Live 25
0%
TV Documentary 2005 Sinatra: Dark Star
0%
TV Special 1960 Special Gala to Support Kennedy Campaign
0%
TV Documentary 1993 Stephen Verona: Self Portrait
0%
TV Special 1981 Steve Garvey Celebrity Sports Classic for Multiple Sclerosis
0%
TV Show 1959 Take a Good Look
0%
TV Show 1963 Talent Scouts
0%
TV Special 1990 The 35th Annual Thalians Gala
0%
TV Show 1963, 1964 The Andy Williams Show
0%
TV Special 1983 The Annual Friars Club Tribute Presents a Salute to Elizabeth Taylor
0%
TV Special 1985 The Annual Friars Club Tribute Presents a Salute to Gene Kelly
0%
TV Special 1987 The Annual Friars Club Tribute Presents a Salute to Liza Minnelli
0%
Documentary Mini-Series 1999 The Century: America's Time
0%
TV Show 1953, 1955 The Colgate Comedy Hour
0%
TV Special 1990 The Film Society of Lincoln Center Annual Gala Tribute to James Stewart
0%
TV Special 1990 The Grand Opening of Universal Studios New Theme Park Attraction
0%
TV Show 1971-1977 The Hollywood Squares
0%
TV Show 1968, 1969 The Joey Bishop Show
0%
TV Show 1968 The Kraft Music Hall
0%
Documentary Series 1999 The Rat Pack
0%
TV Show 1956 The Rosemary Clooney Show
0%
TV Show 1967 The Smothers Brothers Comedy Hour
0%
TV Special 1999 The Society of Singers Presents a Tribute to Rosemary Clooney
0%
TV Special 1992 The Society of Singers Presents a Tribute to Tony Martin
0%
TV Special 1990 The Special 88th Birthday Celebration to George Murphy
0%
TV Show 1970 The Tim Conway Comedy Hour
0%
Documentary Series 1954, 1960 This Is Your Life
0%
TV Special 1982 Women I Love: Beautiful But Funny
0%
No matching quizzes found
Score Distribution
Percent of People with Each Score
Percentile by Number Answered
Your Score History
You have not taken this quiz since the last reset